Ariana Grande Song Titles: Acronyms - Statistics

General Stats
  • This quiz has been taken 96 times
  • The average score is 10 of 15
Answer Stats
Hint Answer % Correct
BUWYGIB break up with your girlfriend, i'm bored
90%
GIAW God is a woman
85%
TUN thank u, next
85%
DW dangerous woman
83%
NTLTC no tears left to cry
83%
WCBF (WFYL) we can't be friends (wait for your love)
82%
BYHRB Break Your Heart Right Back
75%
ES eternal sunshine
71%
DWBUA don't wanna break up again
67%
JALBOYH Just A Little Bit Of Your Heart
61%
TBIM the boy is mine
60%
IMH in my head
56%
AINE Almost Is Never Enough
51%
LL love language
41%
JLM just like magic
39%
No matching quizzes found
Score Distribution
Percent of People with Each Score
Percentile by Number Answered
Your Score History
You have not taken this quiz